10 to 1: Emmy Best Drama Characters Quiz Stats

 Plays Quiz Updated May 26, 2019

Score 0/55 Timer 06:00
5 Plays Today
% Correct
Daenerys Targaryen
94.9%
Jaime Lannister
89.2%
Walter White
89.2%
Robb Stark
87.1%
Varys
85.1%
Samwell Tarly
82.9%
Jeor Mormont
82.6%
Davos Seaworth
82.6%
Meadow Soprano
82.3%
Robert Baratheon
81%
Jesse Pinkman
80.5%
Jack Bauer
80.3%
Don Draper
80.2%
Bronn
77.7%
Catelyn Tully
71.6%
Christopher Moltisanti
70.9%
Jack Shephard
69.2%
Tony Blundetto
68.9%
Gustavo Fring
67.7%
John Locke
67.3%
Silvio Dante
65.6%
Peggy Olson
65.3%
Andy Sipowicz
62.4%
Hugo Reyes
61.9%
Sun-Hwa Kwon
60.6%
Kate Austen
59.9%
John Sacrimoni
59.1%
Adriana La Cerva
57.7%
% Correct
C.J. Cregg
57.2%
Carrie Mathison
56.9%
Ben Linus
56.5%
Mike Ehrmantraut
56.1%
Marie Schrader
51.9%
Zoey Bartlet
51.7%
Lennie Briscoe
50.9%
Pete Campbell
49.7%
Abu Nazir
48.9%
Josh Lyman
47.8%
Jack McCoy
47.1%
Claire Littleton
46.7%
Leo McGarry
46%
Gale Boetticher
45.5%
Adam Schiff
44.6%
Richie Aprile
43.3%
Tortuga
41.3%
Nicholas Brody
41.3%
Anita Van Buren
40.9%
Man in Black
40.2%
Saul Berenson
37.9%
Steve Gomez
37.7%
Lydia Rodarte-Quayle
35.5%
Claire Kincaid
35%
Bobby Simone
33.7%
Connie Rubirosa
32.2%
Matt Santos
28.6%

You're not logged in!

Compare scores with friends on all Sporcle quizzes.
OR
Log In

Show Comments

Extras

Top Quizzes Today


Score Distribution

Your Account Isn't Verified!

In order to create a playlist on Sporcle, you need to verify the email address you used during registration. Go to your Sporcle Settings to finish the process.

Report this User

Report this user for behavior that violates our Community Guidelines.

Details: